Music Quiz

Random Music or Taylor Swift Quiz
Score 0/17 Timer 04:00
0 Plays Today
Last Line Answer % Correct
And I'll write your nameBlank Space
89.4%
She took him faster than you can say sabotageBetter Than Revenge
88.8%
The endThe Story Of Us
85.9%
We will be rememberedLong Live
83.2%
You look like bad news, I gotta have you, I gotta have you22
82.4%
In the clear yet, goodOut Of The Woods
82.4%
I told you I'm not bulletproof, now you knowTell Me Why
76.5%
It's too late to catch me nowWhite Horse
76%
The best people in life are freeNew Romantics
75.1%
Last Line Answer % Correct
Love is a ruthless game unless you play it good and rightState Of Grace
71.7%
But I don't wanna dance, if I'm not dancing with youHoly Ground
70.9%
Hallelujah!Change
70.1%
Never ever thought I'd see it break, never thought I'd see itHaunted
67.7%
Lost your balance on a tightrope, it's never too late to get it backInnocent
66.7%
I hope that sometimes you wonder about meI Almost Do
64.8%
...I'm sorry, I'm Sorry, I'm sorryBreathe (feat. Colbie Callait)
53.9%
Like a million little stars spelling out your nameUntouchable
46.4%
Remove Ads.
Support Sporcle.
Get the best of Sporcle when you Go Orange. This ad-free experience offers more features, more stats, and more fun while also helping to support Sporcle. Thank you for becoming a member.

You're not logged in!

Compare scores with friends on all Sporcle quizzes.
OR
Log In

Show Comments

Extras

Top Quizzes Today


Score Distribution

Your Account Isn't Verified!

In order to create a playlist on Sporcle, you need to verify the email address you used during registration. Go to your Sporcle Settings to finish the process.

Report this User

Report this user for behavior that violates our Community Guidelines.

Details: